ბათუმის შოთა რუსთაველის სახელმწიფო უნივერსიტეტის ბიბლიოთეკა

Алгебра. Элементы теории множеств. Линейные уравнения и неравенства. арифметич. векторы матрицы и опеределители. (ბიბ.ჩანაწერი № 48143)

000 -LEADER
fixed length control field 00799nam a2200205Ia 4500
001 - CONTROL NUMBER
control field 15025
003 - CONTROL NUMBER IDENTIFIER
control field GE_BSU
008 - FIXED-LENGTH DATA ELEMENTS--GENERAL INFORMATION
fixed length control field 181216s||||||||xx |||||||||||||| ||und||
040 ## - CATALOGING SOURCE
Transcribing agency GE_BSU
100 ## - MAIN ENTRY--PERSONAL NAME
Personal name Варпаховский, Ф.Л; Содовников,А.С.
245 ## - TITLE STATEMENT
Title Алгебра. Элементы теории множеств. Линейные уравнения и неравенства. арифметич. векторы матрицы и опеределители.
250 ## - EDITION STATEMENT
Edition statement 2-е изд.
260 ## - PUBLICATION, DISTRIBUTION, ETC.
Place of publication, distribution, etc. Москва
260 ## - PUBLICATION, DISTRIBUTION, ETC.
Name of publisher, distributor, etc. Просвещение.
260 ## - PUBLICATION, DISTRIBUTION, ETC.
Date of publication, distribution, etc. 1981
300 ## - PHYSICAL DESCRIPTION
Extent 165стр.22см.
653 ## - INDEX TERM--UNCONTROLLED
Uncontrolled term Алгебра элементы теории множеств.
653 ## - INDEX TERM--UNCONTROLLED
Uncontrolled term векторы матрицы и опеределители.
942 ## - ADDED ENTRY ELEMENTS (KOHA)
Koha item type წიგნი
ეგზემპლარები
Withdrawn status Lost status Damaged status Not for loan Date acquired Barcode Date last seen Price effective from Koha item type
        2018-12-17 16960 2018-12-17 2018-12-17 წიგნი